[Event "ITA-ch Seniors 31st"]
[Site "Arvier"]
[Date "2009.05.02"]
[Round "9"]
[White "Di Terlizzi, Domenico"]
[Black "Renzini, Lorenzo"]
[Result "1/2-1/2"]
[WhiteElo "1688"]
[BlackElo "1812"]
[PlyCount "85"]
[EventDate "2009.04.24"]
[EventType "swiss"]
[EventRounds "9"]
[EventCountry "ITA"]
[SourceTitle "EXT 2011"]
[Source "ChessBase"]
[SourceDate "2010.11.26"]
[SourceVersion "1"]
[SourceVersionDate "2010.11.26"]
[SourceQuality "1"]

1. d4 Nf6 2. Nf3 g6 3. Bf4 Bg7 4. h3 d6 5. e3 0-0 6. Bd3 Nbd7 7. Nc3 c5 8. 0-0 b6 9. Re1 Bb7 10. a4 a6 11. Nd2 d5 12. Nf3 Ne4 13. Ra3 Nxc3 14. bxc3 c4 15. Be2 b5 16. Qa1 Re8 17. axb5 axb5 18. Rb1 Qb6 19. Rxa8 Rxa8 20. Qb2 Bc6 21. Qb4 Bf8 22. Ne5 Nxe5 23. Bxe5 f6 24. Bg3 e5 25. Qb2 Ba3 26. Qa2 Bc1 27. Qxa8+ Bxa8 28. Rxc1 e4 29. Bh2 Qa5 30. Rb1 Bc6 31. Bd6 Qxc3 32. Bd1 Qe1+ 33. Kh2 Qxf2 34. Ra1 Qf5 35. Bg4 Qf2 36. Be6+ Kg7 37. Ra7+ Kh6 38. Bf4+ g5 39. Bd6 f5 40. Bf7 Kg7 41. Be6+ Kf6 42. Bg8 g4 43. Be7+ 1/2-1/2

[Event "ITA-ch Seniors 31st"]
[Site "Arvier"]
[Date "2009.04.27"]
[Round "5"]
[White "Bellia, Mario"]
[Black "Di Terlizzi, Domenico"]
[Result "0-1"]
[WhiteElo "1377"]
[BlackElo "1688"]
[PlyCount "98"]
[EventDate "2009.04.24"]
[EventType "swiss"]
[EventRounds "9"]
[EventCountry "ITA"]
[SourceTitle "EXT 2011"]
[Source "ChessBase"]
[SourceDate "2010.11.26"]
[SourceVersion "1"]
[SourceVersionDate "2010.11.26"]
[SourceQuality "1"]

1. b3 d5 2. Bb2 Bf5 3. Nf3 e6 4. c4 c6 5. e3 h6 6. Nc3 Nf6 7. a4 a5 8. Rc1 Bd6 9. d4 0-0 10. c5 Bc7 11. Ne2 Nbd7 12. Ng3 Bh7 13. Be2 Ne4 14. 0-0 Qb8 15. Bd3 f5 16. Qc2 Ndf6 17. Ne5 Nxg3 18. fxg3 Bxe5 19. dxe5 Ng4 20. Bd4 Nxe5 21. Be2 Nd7 22. Qd2 e5 23. Bb2 Qc7 24. g4 fxg4 25. Bxg4 Rxf1+ 26. Kxf1 Rf8+ 27. Kg1 Bf5 28. Be2 b6 29. g4 Be4 30. cxb6 Qxb6 31. Qc3 c5 32. Bb5 d4 33. exd4 Qf6 34. Bc4+ Kh8 35. Rf1 Qg5 36. Be6 Rxf1+ 37. Kxf1 Qf6+ 38. Bf5 Bxf5 39. dxe5 Qa6+ 40. Kf2 Bxg4 41. Kg3 Qg6 42. h3 Be6+ 43. Kh2 Qf5 44. Kg2 Qe4+ 45. Kg3 Qf5 46. Kg2 Nxe5 47. Qxe5 Qxe5 48. Bxe5 Bxb3 49. Kf2 Bxa4 0-1

[Event "ITA-ch Seniors 31st"]
[Site "Arvier"]
[Date "2009.04.26"]
[Round "3"]
[White "Piazza, Giacomo"]
[Black "Di Terlizzi, Domenico"]
[Result "0-1"]
[WhiteElo "1441"]
[BlackElo "1688"]
[PlyCount "136"]
[EventDate "2009.04.24"]
[EventType "swiss"]
[EventRounds "9"]
[EventCountry "ITA"]
[SourceTitle "EXT 2011"]
[Source "ChessBase"]
[SourceDate "2010.11.26"]
[SourceVersion "1"]
[SourceVersionDate "2010.11.26"]
[SourceQuality "1"]

1. Nf3 Nf6 2. b3 d5 3. e3 Bg4 4. Be2 e6 5. Bb2 Be7 6. d3 c6 7. Nbd2 Nbd7 8. a3 Qc7 9. c4 0-0 10. Qc2 Rac8 11. h3 Bh5 12. e4 dxe4 13. Nxe4 Nxe4 14. dxe4 Bf6 15. e5 Bg6 16. Bd3 Bxd3 17. Qxd3 Nxe5 18. Qe2 Nxf3+ 19. gxf3 Qf4 20. Bc1 Qe5 21. Qxe5 Bxe5 22. Ra2 Rfd8 23. Ke2 Rd7 24. Rg1 g6 25. h4 h5 26. Be3 b6 27. a4 c5 28. a5 Rc6 29. axb6 axb6 30. Ra8+ Kg7 31. Bg5 Rcd6 32. Re8 Bf6 33. Rb8 Bxg5 34. Rxg5 Rd8 35. Rb7 R8d7 36. Rb8 Rd2+ 37. Kf1 R7d6 38. Re5 Kf6 39. Re1 R2d3 40. Re3 R3d4 41. Re4 Kf5 42. Rb7 f6 43. Rxd4 cxd4 44. b4 d3 45. Ke1 Kf4 46. c5 bxc5 47. bxc5 Rc6 48. Rb5 Kxf3 49. Kd2 Kxf2 50. Kxd3 Kg3 51. Kc4 Kxh4 52. Rb6 Rc8 53. Rxe6 Kg5 54. c6 h4 55. Kc5 h3 56. Kb6 Kf5 57. Re1 g5 58. Kb7 Rh8 59. c7 Rh7 60. Kb8 Rh8+ 61. Kb7 g4 62. Rh1 Kg5 63. Rd1 Rh7 64. Rd5+ f5 65. Kb8 Rxc7 66. Kxc7 h2 67. Rd1 g3 68. Kd6 g2 0-1